| 000 | 00880cam a22001694a 4500 | ||
|---|---|---|---|
| 005 | 20250605164400.0 | ||
| 008 | 250528s ||||||||||||||||||||||||d | ||
| 035 | _a24549 | ||
| 040 |
_aGR-AtMCL _bgre _dGR-AtMCL _eAACR2 |
||
| 245 | 1 | _aΣιδηρόδρομοι | |
| 260 |
_aΑθήνα _bΣυμμετρία, _c2000 |
||
| 520 | _aΟι Ελληνικοί Σιδηρόδρομοι, Κίνηση του Οχήματος σε Ευθεία και Καμπύλη Τροχιά, Μελέτη και Κατασκευή και Συντήρηση Σιδηροδρομικής Γραμμής, Αντιστάσεις και Έλξη, Τροχαίο Υλικό, Σιδηροδρομικοί Σταθμοί, Γραμμή Αθηνών - Θεσσαλονίκης, Σηματοδότηση, | ||
| 700 | 1 |
_aΑμπακουμκίν Κ. Γ _99466 |
|
| 942 | _cBK | ||
| 999 |
_c9426 _d9426 |
||